Premier League: 150+ Goal Contributions (2000-) - Statistics

General Stats
  • This quiz has been taken 33 times
  • The average score is 17 of 19
Answer Stats
Ranking Player Positions Nationality Matches Goals (assists) Periods Clubs % Correct
3 Harry Kane FW 320 213 (44) 2012-2023
100%
12 Kevin De Bruyne MF, FW 288 72 (118) 2013-2014, 2015-2025
100%
2 Mohamed Salah MF, FW 301 186 (87) 2013-2014, 2017-2025
100%
5 Sergio Agüero FW 275 184 (48) 2011-2021
100%
1 Wayne Rooney MF, FW 491 208 (102) 2002-2018
100%
17 Romelu Lukaku FW 278 121 (35) 2011-2018, 2021-2022
96%
6 Thierry Henry FW 227 158 (66) 2000-2006, 2011-2012
96%
11 Jamie Vardy FW 342 145 (47) 2014-2022, 2024-2025
93%
9 Robin van Persie FW 280 144 (53) 2004-2015
93%
8 Son Heung-min MF, FW 333 127 (71) 2015-2025
93%
7 Steven Gerrard MF 463 119 (89) 2000-2015
93%
19 David Silva MF, FW 309 60 (93) 2010-2020
89%
16 Didier Drogba FW 254 104 (55) 2004-2011, 2014-2015
89%
4 Frank Lampard MF 491 160 (94) 2000-2015
89%
13 Raheem Sterling MF, FW 396 123 (66) 2011-2025
89%
18 Ryan Giggs MF, FW 382 55 (101) 2000-2014
89%
15 Cesc Fàbregas MF, FW 350 50 (111) 2004-2010, 2014-2019
82%
14 Peter Crouch FW 468 106 (58) 2001-2019
79%
10 Jermain Defoe FW 496 163 (33) 2000-2019
64%
No matching quizzes found
Score Distribution
Percent of People with Each Score
Percentile by Number Answered
Your Score History
You have not taken this quiz